Uchchatar madhyamik rajniti bigyan: (Record no. 11950)

MARC details
000 -LEADER
fixed length control field 00797nam a22002657a 4500
005 - DATE AND TIME OF LATEST TRANSACTION
control field 20260515115040.0
008 - FIXED-LENGTH DATA ELEMENTS--GENERAL INFORMATION
fixed length control field 240920b |||||||| |||| 00| 0 eng d
020 ## - INTERNATIONAL STANDARD BOOK NUMBER
International Standard Book Number 9789358497984
040 ## - CATALOGING SOURCE
Original cataloging agency IN-DiNC
Transcribing agency IN-DiNC
041 ## - LANGUAGE CODE
Language code of sung or spoken text asm
082 ## - DEWEY DECIMAL CLASSIFICATION NUMBER
Classification number 320
Item number UCH
245 ## - TITLE STATEMENT
Title Uchchatar madhyamik rajniti bigyan:
Remainder of title rajnaitik tattwa aru bharatiya sangbidhanar karya (XI)/
Statement of responsibility, etc. by Mridul Dutta and others
250 ## - EDITION STATEMENT
Edition statement 1st ed.
260 ## - PUBLICATION, DISTRIBUTION, ETC.
Place of publication, distribution, etc. Dibrugarh:
Name of publisher, distributor, etc. Banalata,
Date of publication, distribution, etc. 2024.
300 ## - PHYSICAL DESCRIPTION
Extent 326p.
650 ## - SUBJECT ADDED ENTRY--TOPICAL TERM
Topical term or geographic name entry element Political science (XI)
650 ## - SUBJECT ADDED ENTRY--TOPICAL TERM
Topical term or geographic name entry element Political theory
650 ## - SUBJECT ADDED ENTRY--TOPICAL TERM
Topical term or geographic name entry element Indian constitution
700 ## - ADDED ENTRY--PERSONAL NAME
Personal name Dutta, Mridul
Relator term author
700 ## - ADDED ENTRY--PERSONAL NAME
Personal name Borah, Debojit
Relator term author
700 ## - ADDED ENTRY--PERSONAL NAME
Personal name Bhuyan, Dhiren
Relator term author
700 ## - ADDED ENTRY--PERSONAL NAME
Personal name Koiri, Jitu
Relator term author
700 ## - ADDED ENTRY--PERSONAL NAME
Personal name Mohan, Trinoyon
Relator term author
942 ## - ADDED ENTRY ELEMENTS (KOHA)
Source of classification or shelving scheme Dewey Decimal Classification
Koha item type Books
Holdings
Withdrawn status Lost status Source of classification or shelving scheme Damaged status Not for loan Collection Home library Current library Shelving location Date acquired Cost, normal purchase price Total checkouts Full call number Barcode Date last seen Date last checked out Copy number Price effective from Koha item type
    Dewey Decimal Classification       Naharkatiya College Library Naharkatiya College Library General stacks 09/20/2024 290.00 5 320 UCH 30189 03/05/2026 02/17/2026 1 09/20/2024 Books
    Dewey Decimal Classification       Naharkatiya College Library Naharkatiya College Library General stacks 09/20/2024 290.00 6 320 UCH 30190 03/23/2026 03/05/2026 2 09/20/2024 Books
    Dewey Decimal Classification       Naharkatiya College Library Naharkatiya College Library General stacks 09/20/2024 290.00 4 320 UCH 30191 02/11/2026 01/27/2026 3 09/20/2024 Books